A history of modern Germany since 1815
Αποθηκεύτηκε σε:
| Κύριος συγγραφέας: | |
|---|---|
| Μορφή: | Βιβλίο |
| Γλώσσα: | English |
| Δημοσίευση: |
Berkeley :
University of California Press,
c2003
|
| Θέματα: | |
| Ετικέτες: |
Προσθήκη ετικέτας
Δεν υπάρχουν, Καταχωρήστε ετικέτα πρώτοι!
|
MARC
| LEADER | 00000nam a2200000 i 4500 | ||
|---|---|---|---|
| 001 | 1/70869 | ||
| 008 | 080117s2003 eng d | ||
| 020 | |a 0-520-24049-9 | ||
| 035 | |l 10093786 | ||
| 040 | |a GR-MY-UA |b gre |e aacr | ||
| 041 | 0 | |a eng | |
| 082 | 0 | |a 943.07 |2 (22) | |
| 100 | 1 | |a Tipton, Frank B. |d 1943- | |
| 245 | 1 | 2 | |a A history of modern Germany since 1815 / |c Frank B. Tipton |
| 260 | |a Berkeley : |b University of California Press, |c c2003 | ||
| 300 | |a xxi, 730 σ.; |b εικ., χάρτες; |c 24 εκ. | ||
| 504 | |a Περιέχει βιβλιογραφικές παραπομπές (σ. 668-713) και ευρετήριο | ||
| 651 | 0 | |a Germany |x History |y 1789-1900. | |
| 651 | 0 | |a Germany |x History |y 20th century. | |
| 651 | 0 | |a Germany |x Intellectual life |y 19th century. | |
| 651 | 0 | |a Germany |x Intellectual life |y 20th century. | |
| 651 | 0 | |a Germany |x Economic conditions |y 19th century. | |
| 651 | 0 | |a Germany |x Economic conditions |y 20th century. | |
| 852 | |a INST |b LESVOS |e 20080117 |h 943.07 TIP |p 005100040271 |q 005100040271 |t BK |y 0 | ||
| 901 | |a BIBL1-2008-1 | ||
| 909 | |a Λ |b 142774 | ||
| 922 | |a 1ΕΛΗ |b 200712 |c ΕΠΕΑΕΚ2/ΤΚΑ |d ΕΛΕΥΘΕΡΟΥΔΑΚΗΣ | ||
| 970 | |a ΚΑΡΑ |b ΓΙΑΣΕΜΗ |z 2008/01/17 | ||